000 00591nam a22001817a 4500
003 OSt
005 20251121093820.0
008 251121b |||||||| |||| 00| 0 eng d
020 _a978-08-6983-3
040 _aDWC-Main lib.
_cOC
082 _aFil. 515 C728c 2009
100 _aComandante, Felipe L. Jr.
245 _aCalculus :
_bconcepts and applications made easy for high school students/
_cFelipe L. Comandante Jr.
260 _aMandaluyong City :
_bNational Book Store,
_cc2009.
300 _axi, 256 pages ;
_b23 cm.
650 _a1. Calculus.
942 _2ddc
_cBK - FIL
_hFil.
_n0
999 _c5956
_d5956